[Event "ROM-ch"]
[Site "Targu Mures"]
[Date "2014.04.28"]
[Round "4"]
[White "Pana, Marian"]
[Black "Gheorghiu, Calin"]
[Result "0-1"]
[WhiteElo "1926"]
[BlackElo "2073"]
[PlyCount "72"]
[EventDate "2014.04.26"]
[EventType "swiss"]
[EventRounds "11"]
[EventCountry "ROU"]
[SourceTitle "CBM 160 Extra"]
[Source "ChessBase"]
[SourceDate "2014.07.01"]
[SourceVersion "1"]
[SourceVersionDate "2014.07.01"]
[SourceQuality "1"]

1. e4 c5 2. c3 Nf6 3. e5 Nd5 4. d4 cxd4 5. cxd4 e6 6. Nf3 d6 7. Bc4 Nc6 8. 0-0 Be7 9. Re1 0-0 10. a3 Qb6 11. Nc3 Nxc3 12. bxc3 dxe5 13. Nxe5 Nxe5 14. Rxe5 Bd6 15. Re2 Qc7 16. Qd3 Bxh2+ 17. Kh1 Bf4 18. Bb2 b6 19. Bb3 Bb7 20. Bc2 g6 21. Qh3 Rad8 22. Be4 Bd5 23. Rae1 Bc4 24. Bd3 Rd5 25. Bxc4 Qxc4 26. Qf3 Rh5+ 27. Kg1 Bh2+ 28. Kh1 Bd6+ 29. Kg1 Rc8 30. g3 Qd5 31. Qxd5 Rxd5 32. Kg2 Rc4 33. Re3 Ra5 34. g4 Bxa3 35. Bxa3 Rxa3 36. d5 exd5 0-1